000 00675nam a2200241 i 4500
001 C2-0303486
003 PPAK
005 20180728084402.0
008 100325s2010 my a|||| ||||| | may d
020 _a9789831244975
040 _aPPAK
_beng
_cPPAK
_erda
082 0 4 _a641.5
_223
090 0 0 _a641.5
_bNOR
_dR
100 0 _aNor Asmawati Nor Din,
_eauthor
245 1 0 _aKompilasi hidangan berpantang
264 1 _aShah Alam, Selangor :
_bAlaf 21 ,
_c2010
300 _a60 pages :
_bcolour illustrations ;
_c25 cm
336 _2rdacontent
_atext
337 _2rdamedia
_aunmediated
338 _2rdacarrier
_avolume
650 1 0 _aCooking, Malaysian.
942 _ddc
_cB
999 _c106732
_d106732